El sofista. : Comedia de las ideas mfundamentales. /
Guardado en:
| Autor Principal: | |
|---|---|
| Formato: | Libro |
| Idioma: | Undetermined |
| Publicado: |
Buenos Aires :
Sociedad Editorial Argentina,
1922.
|
| Materias: | |
| Etiquetas: |
Agregar Etiqueta
Sin Etiquetas, Sea el primero en etiquetar este registro!
|
| LEADER | 00544nam a22001575a 4500 | ||
|---|---|---|---|
| 001 | EHU.bham048469 | ||
| 005 | 20111003095402.0 | ||
| 008 | 111003s1922####ag############000#0#und#d | ||
| 100 | 1 | |a Molinari, Diego Luis. | |
| 245 | 0 | 0 | |a El sofista. : |b Comedia de las ideas mfundamentales. / |c Diego Luis Molinari. |
| 260 | |a Buenos Aires : |b Sociedad Editorial Argentina, |c 1922. | ||
| 300 | |a 96 p. | ||
| 653 | |a Literatura. | ||
| 653 | |a Escritores argentinos. | ||
| 653 | |a Género dramático. | ||
| 859 | |a AR-BHAM |b BIB. HUMANIDADES - Donacion Lejarraga |h MFN002688 |p 002688.19 | ||
